000 00412nam a22001337a 4500
020 _qHB.
040 _cFIZZA ISHAQ
082 _a091.09
_bDEU
100 _aDeuel, Leo.
_9134392
245 _aTestaments of Time: The Search for Lost Manuscripts and Records 1966 /
_c Leo Deuel.
260 _aNew York:
_bAlfred A. Knopf,
_c1965.
300 _a xxxii ; 590 P. : illustrations ; index inc,
_c24 cm
942 _2ddc
_cBK
999 _c617371
_d617371